Ulice, osiedla, place, mosty i parki Poznania - Statystyki

Ogólne statystyki
  • Ten quiz został rozwiązany 437 razy
  • Średni wynik to 149 z 2332
Statystyki odpowiedzi
Ulice Poznania % Poprawnych
28 Czerwca 1956 r.
85%
Warszawska
64%
al. Armii "Poznań"
61%
pl. Armii "Poznań"
61%
Wrocławska
58%
Głogowska
51%
park Adama Mickiewicza
51%
Adama Mickiewicza
50%
pl. Adama Mickiewicza
50%
Poznańska
49%
św. Marcin
48%
Hetmańska
47%
Jana Henryka Dąbrowskiego
47%
Krakowska
47%
Bułgarska
45%
Grunwaldzka
45%
park gen. Henryka Dąbrowskiego
45%
park im. Jana Pawła II
45%
Półwiejska
45%
inne Most Królowej Jadwigi
44%
rynek Stary Rynek
44%
Gdańska
43%
Jana Pawła II
43%
Królowej Jadwigi
43%
os. Jana III Sobieskiego
43%
rondo Rataje
43%
al. Wielkopolska
42%
os. Bolesława Chrobrego
42%
os. Lecha
42%
Małe Garbary
41%
inne Dębiński Most
40%
inne Most Bolesława Chrobrego
40%
inne Most Lecha
40%
Katowicka
40%
Polna
40%
Bukowska
39%
Garbary
39%
Juliusza Słowackiego
39%
Polska
39%
Aleje Solidarności
37%
Gdyńska
37%
Naramowicka
37%
os. Czecha
37%
os. Rusa
37%
rondo Śródka
37%
inne Most św. Rocha
36%
Księcia Mieszka I
36%
os. Stare Żegrze
36%
inne Most Mieszka I
35%
Józefa Piłsudskiego
35%
Rataje
35%
Szwedzka
35%
Bydgoska
34%
Długa
34%
rondo Żegrze
34%
Szwajcarska
34%
Aleksandra Fredry
33%
Dolna
33%
Dolna Wilda
33%
Franciszka Ratajczaka
33%
Gnieźnieńska
33%
Górna Wilda
33%
Lechicka
33%
os. Mikołaja Kopernika
33%
Starołęcka
33%
Szczecińska
33%
Szkolna
33%
Żegrze
33%
Główna
32%
Kościelna
32%
Opolska
32%
Dworcowa
31%
Kórnicka
31%
Łódzka
31%
Mikołaja Kopernika
31%
Piątkowska
31%
Różana
31%
Słowiańska
31%
Śródka
31%
Stefana Żeromskiego
31%
Szpitalna
31%
Kolejowa
30%
al. Karola Marcinkowskiego
29%
Jana Matejki
29%
Kwiatowa
29%
Obornicka
29%
Ryb
29%
Serbska
29%
Solna
29%
św. Rocha
29%
Winogrady
29%
Za Cytadelą
29%
Zielona
29%
Abpa Antoniego Baraniaka
28%
Biała
28%
Błażeja
28%
Krótka
28%
Krzysztofa Arciszewskiego
28%
park T. W. Wilsona
28%
pl. Cyryla Ratajskiego
28%
rondo Starołęka
28%
Tadeusza Kościuszki
28%
Wierzbięcice
28%
Bałtycka
27%
Cmentarna
27%
Grochowska
27%
Jeżycka
27%
Orla
27%
park Fryderyka Chopina
27%
pl. Wolności
27%
rondo Solidarności
27%
Toruńska
27%
al. Niepodległości
26%
Bolesława Krzywoustego
26%
Leśna
26%
Lutycka
26%
Ogrodowa
26%
park Karola Marcinkowskiego
26%
Rolna
26%
Umultowska
26%
Wilcza
26%
Wojska Polskiego
26%
Franklina Roosevelta
25%
Franowo
25%
Fryderyka Chopina
25%
Gwarna
25%
Henryka Sienkiewicza
25%
Józefa Ignacego Kraszewskiego
25%
Koszalińska
25%
Mazowiecka
25%
Olsztyńska
25%
rondo Kaponiera
25%
Rzeszowska
25%
Śląska
25%
Wielka
25%
Częstochowska
24%
inne Most Teatralny
24%
Kazimierza Wielkiego
24%
Leszczyńska
24%
Macieja Palacza
24%
Mała
24%
Mostowa
24%
os. Stefana Batorego
24%
park Cytadela
24%
Romana Dmowskiego
24%
rondo Jana Nowaka-Jeziorańskiego
24%
rynek Łazarski
24%
rynek Wildecki
24%
Strzelecka
24%
Wodna
24%
27 Grudnia
23%
Białostocka
23%
Gorzowska
23%
Jasna
23%
Konińska
23%
Ławica
23%
Niestachowska
23%
os. Winiary
23%
os. Władysława Łokietka
23%
pl. Niepodległości
23%
pl. Wielkopolski
23%
Pomorska
23%
Strzeszyńska
23%
Swarzędzka
23%
Towarowa
23%
Budziszyńska
22%
Droga Dębińska
22%
Górczyńska
22%
Kaliska
22%
Karola Kurpińskiego
22%
Kielecka
22%
Łąkowa
22%
Lubelska
22%
Marcelińska
22%
os. Orła Białego
22%
os. Polan
22%
Pilska
22%
Powstańców Wielkopolskich
22%
rynek Jeżycki
22%
Wiejska
22%
Żydowska
22%
Bolesława Prusa
21%
Czechosłowacka
21%
Góra Przemysła
21%
Karola Szymanowskiego
21%
Kurlandzka
21%
os. Kosmonautów
21%
os. Piastowskie
21%
os. Wichrowe Wzgórze
21%
Północna
21%
Romualda Traugutta
21%
rynek Rynek Wschodni
21%
Sopocka
21%
Unii Lubelskiej
21%
Władysława Stanisława Reymonta
21%
Woźna
21%
Chartowo
20%
Junikowska
20%
Morasko
20%
Nad Wierzbakiem
20%
pl. Wiosny Ludów
20%
Radomska
20%
św. Czesława
20%
Święty Wojciech
20%
Szamotulska
20%
Tarnowska
20%
Zakopiańska
20%
3 Maja
19%
Dębowa
19%
Gołębia
19%
Ignacego Paderewskiego
19%
inne Most Dworcowy
19%
Kozia
19%
Małopolska
19%
os. Armii Krajowej
19%
os. Władysława Jagiełły
19%
Podgórna
19%
Podlaska
19%
Serafitek
19%
Wojskowa
19%
Zawady
19%
Złota
19%
Ewarysta Estkowskiego
18%
Feliksa Nowowiejskiego
18%
Grodziska
18%
Jugosłowiańska
18%
Kacza
18%
Karola Libelta
18%
Lubońska
18%
Łysy Młyn
18%
Miła
18%
Murawa
18%
os. Dębina
18%
os. Przyjaźni
18%
Ostrowska
18%
Ostrów Tumski
18%
os. Tysiąclecia
18%
Połabska
18%
Słoneczna
18%
Wilczak
18%
Zachodnia
18%
Za Groblą
18%
Bonin
17%
Grobla
17%
Kolska
17%
Krańcowa
17%
Mazurska
17%
Morska
17%
os. Pod Lipami
17%
Pamiątkowa
17%
pl. Bernardyński
17%
Pleszewska
17%
Południowa
17%
Roberta Kocha
17%
Słupska
17%
św. Wawrzyńca
17%
Wroniecka
17%
Zwierzyniecka
17%
23 Lutego
16%
Browarna
16%
Czarnucha
16%
Jakuba Krauthofera
16%
Jana Kochanowskiego
16%
Klin
16%
Kołobrzeska
16%
Litewska
16%
Młyńska
16%
Piastowska
16%
Golęcińska
15%
Jana Brzechwy
15%
Jarocińska
15%
Jeleniogórska
15%
Kujawska
15%
Lipowa
15%
Ludwika Zamenhofa
15%
Malinowa
15%
Marii Konopnickiej
15%
Mogileńska
15%
Mokra
15%
os. Bolesława Śmiałego
15%
os. Rzeczypospolitej
15%
os. Zwycięstwa
15%
park Tysiąclecia
15%
pl. Marii Skłodowskiej-Curie
15%
pl. Stanisława Wyspiańskiego
15%
Polanka
15%
Promienista
15%
Przemysłowa
15%
Sosnowa
15%
Srebrna
15%
Stanisława Taczaka
15%
Stanisława Wyspiańskiego
15%
Sucha
15%
Warmińska
15%
Wincentego Witosa
15%
Alojzego Nowaka
14%
Augustyna Szamarzewskiego
14%
Bukowa
14%
Chwaliszewo
14%
Cicha
14%
Elbląska
14%
Fabryczna
14%
Górecka
14%
Górska
14%
Inflancka
14%
Jasna Rola
14%
Juliana Tuwima
14%
Kazimierza Pułaskiego
14%
Kobylepole
14%
park Sołacki
14%
Pasieka
14%
Piaśnicka
14%
Piękna
14%
Piwna
14%
Płocka
14%
Prymasa Stefana Wyszyńskiego
14%
Rybaki
14%
Rzeczna
14%
Sandomierska
14%
Sielska
14%
Śremska
14%
Stanisława Staszica
14%
Świt
14%
św. Michała
14%
Szczepankowo
14%
Tatrzańska
14%
Tylne Chwaliszewo
14%
Wrzesińska
14%
Wspólna
14%
Zamkowa
14%
Akacjowa
13%
Albańska
13%
Bielska
13%
Fabianowo
13%
gen. Tadeusza Kutrzeby
13%
Gliwicka
13%
Inowrocławska
13%
Jesienna
13%
Klonowa
13%
Krzywa
13%
Łomżyńska
13%
Nowotomyska
13%
os. Marysieńki
13%
os. Powstańców Warszawy
13%
Piotra Ściegiennego
13%
Radojewo
13%
Sierotki Marysi
13%
Średzka
13%
Stanisława Przybyszewskiego
13%
Szelągowska
13%
Wałbrzyska
13%
Warzywna
13%
Wąska
13%
Włocławska
13%
Wołyńska
13%
Wysoka
13%
Złotowska
13%
Żniwna
13%
Adama Asnyka
12%
al. Pod Lipami
12%
Bytomska
12%
Cypriana Kamila Norwida
12%
Czarna Rola
12%
Dobra
12%
Dominikańska
12%
Estońska
12%
Grochowe Łąki
12%
Ignacego Krasickiego
12%
Jana Ostroroga
12%
Kasztanowa
12%
Kotowo
12%
Krotoszyńska
12%
Letnia
12%
Marcelin Fort VII
12%
Międzychodzka
12%
Niska
12%
Ognik
12%
os. Jagiellońskie
12%
Ostatnia
12%
Panny
12%
Panny Marii
12%
Parkowa
12%
pl. Adama Asnyka
12%
Pomarańczowa
12%
Prymasa Augusta Hlonda
12%
Przemyska
12%
Rawicka
12%
Różany Targ
12%
Rumuńska
12%
Suwalska
12%
Świerkowa
12%
Wileńska
12%
Wiosenna
12%
Wiśniowa
12%
Zimowa
12%
Zygmunta Krasińskiego
12%
Brzozowa
11%
Chemiczna
11%
gen. Stanisława Maczka
11%
Lwa
11%
Malwowa
11%
Marcina Kasprzaka
11%
Nowosądecka
11%
Nowy Świat
11%
os. Zodiak
11%
os. Zygmunta Starego
11%
Piekary
11%
Piotra Wawrzyniaka
11%
Ptasia
11%
Robocza
11%
Romka Strzałkowskiego
11%
Sanocka
11%
św. Leonarda
11%
Szewska
11%
Torowa
11%
Wioślarska
11%
Wolsztyńska
11%
al. Braterstwa Broni
10%
Aleksandra Puszkina
10%
Antoniego Kosińskiego
10%
Arnolda Szylinga
10%
Augustowska
10%
Azaliowa
10%
Berdychowo
10%
Bolesława Krysiewicza
10%
Brzask
10%
Bystra
10%
Czesława Miłosza
10%
Folwarczna
10%
Forteczna
10%
Głuszyna
10%
Graniczna
10%
Grotkowska
10%
Grudziądzka
10%
Gruszkowa
10%
Henryka Wieniawskiego
10%
Hipolita Cegielskiego
10%
inne Most Przemysława
10%
inne Wzgórze św. Wojciecha
10%
Jagodowa
10%
Kamienna
10%
Kazimierza Jarochowskiego
10%
Kierska
10%
Komornicka
10%
Kościańska
10%
Koziorożca
10%
Królewska
10%
Legnicka
10%
Literacka
10%
Lodowa
10%
Łowicka
10%
Marszałkowska
10%
Miodowa
10%
Mrągowska
10%
Mylna
10%
os. Oświecenia
10%
os. Powstańców Śląskich
10%
os. Przemysława
10%
os. Warszawskie
10%
Pabianicka
10%
Piotrowo
10%
pl. Kolegiacki
10%
pl. Władysława Andersa
10%
Podolańska
10%
Przepadek
10%
Ruska
10%
Sieradzka
10%
Sportowa
10%
Stęszewska
10%
Sucholeska
10%
Truskawkowa
10%
Ułańska
10%
Urbanowska
10%
Wagrowska
10%
Władysława Sikorskiego
10%
Wschodnia
10%
Za Bramką
10%
Zygmunta Wojciechowskiego
10%
Żytnia
10%
Augustyna Kordeckiego
9%
Barana
9%
Bliźniąt
9%
Boranta
9%
Botaniczna
9%
Brzeska
9%
Chodzieska
9%
Conrada Drzewieckiego
9%
Czarnkowska
9%
Dojazd
9%
Fiołkowa
9%
Franciszka Jaśkowiaka
9%
Franciszkańska
9%
Gajowa
9%
Górnicza
9%
Gostyńska
9%
Helska
9%
Izaaka Newtona
9%
Jarosławska
9%
Kępińska
9%
Kostrzyńska
9%
Krzesiny
9%
Łotewska
9%
Łużycka
9%
Maksymiliana Jackowskiego
9%
Mielecka
9%
Mikołaja Reja
9%
Mińska
9%
Oświęcimska
9%
park Jana Kasprowicza
9%
Pogodna
9%
Przełajowa
9%
Seweryna Mielżyńskiego
9%
Stawna
9%
Stefana Drzewieckiego
9%
Strzelca
9%
Świebodzińska
9%
Szyperska
9%
Tęczowa
9%
Turkusowa
9%
Wichrowa
9%
Wolnica
9%
Zamojska
9%
abp. Walentego Dymka
8%
Agrestowa
8%
Będzińska
8%
Błękitna
8%
Bohaterów Westerplatte
8%
Chełmińska
8%
Chojnicka
8%
Czereśniowa
8%
Działyńskich
8%
Elizy Orzeszkowej
8%
Galla Anonima
8%
Garncarska
8%
Jana Kilińskiego
8%
Janikowska
8%
Janusza Zeylanda
8%
Józefa Strusia
8%
Józefa Wybickiego
8%
Juliusza Kossaka
8%
Karpacka
8%
Kmieca
8%
Kramarska
8%
Krucza
8%
Krzyżowa
8%
Księcia Józefa
8%
Łacina
8%
Maków Polnych
8%
Malborska
8%
Nowotarska
8%
Oławska
8%
Opalenicka
8%
os. Bajkowe
8%
Ostrzeszowska
8%
Owocowa
8%
Owsiana
8%
Piotra Skargi
8%
Pobiedziska
8%
Pszenna
8%
Puławska
8%
Pusta
8%
Raka
8%
Rubież
8%
Rybnicka
8%
Rycerska
8%
rynek Śródecki
8%
Rynkowa
8%
Sadowa
8%
Skorpiona
8%
Słupecka
8%
Sokoła
8%
Strzałowa
8%
Szymborska
8%
Tadeusza Szeligowskiego
8%
Topolowa
8%
Trójpole
8%
Tulipanowa
8%
Węglowa
8%
Wiatraczna
8%
Władysława Węgorka
8%
Włodarska
8%
Wodnika
8%
Antoniego Małeckiego
7%
Baltazara Lewandowskiego
7%
Bełchatowska
7%
Bolka
7%
Bożeny
7%
Człuchowska
7%
Dębicka
7%
Deszczowa
7%
Druskienicka
7%
Grudzieniec
7%
Hrubieszowska
7%
Jana Baptysty Quadro
7%
Jana Kasprowicza
7%
Jasielska
7%
Jastrzębia
7%
Józefa Chełmońskiego
7%
Klasztorna
7%
Komandoria
7%
Koronna
7%
Kowalska
7%
Księżycowa
7%
ks. Jakuba Wujka
7%
Kutnowska
7%
Lotnicza
7%
Łozowa
7%
Luba
7%
Makowa
7%
Michała Drzymały
7%
Mieczysława Niedziałkowskiego
7%
Minikowo
7%
o. Mariana Żelazka
7%
Orzechowa
7%
PGR Wielkie
7%
Piaskowa
7%
Pilotów
7%
Pucka
7%
Radosna
7%
Rumiankowa
7%
Sarmacka
7%
Sarnia
7%
skwer Ignacego Łukasiewicza
7%
Śliwkowa
7%
Śmigi
7%
Smolna
7%
Śniadeckich
7%
Sporna
7%
św. Antoniego
7%
Tarnobrzeska
7%
Wadowicka
7%
Wagi
7%
Wesoła
7%
Wietrzna
7%
Winiarska
7%
Witolda Pileckiego
7%
Wolska
7%
Żelazna
7%
Zieliniec
7%
Żurawia
7%
9 Maja
6%
Antoniego Józefa Madalińskiego
6%
Artura Grottgera
6%
Bananowa
6%
Białoruska
6%
Biskupińska
6%
Bojanowska
6%
Bolesława Limanowskiego
6%
Bożydara
6%
Braniewska
6%
Bronisza
6%
Ciasna
6%
Cieszyńska
6%
Cytrynowa
6%
Daleka
6%
Diamentowa
6%
Drzewna
6%
Falista
6%
Gerberowa
6%
Górki
6%
Grabowa
6%
Grzybowa
6%
Henryka Jordana
6%
Ignacego Prądzyńskiego
6%
Jawornicka
6%
Jerzego Suszki
6%
Jodłowa
6%
Józefa Chociszewskiego
6%
Kaspra Drużbickiego
6%
Krośnieńska
6%
Lęborska
6%
Leśnych Skrzatów
6%
Liliowa
6%
Magazynowa
6%
Mariana Smoluchowskiego
6%
Milczańska
6%
Milicka
6%
Nad Różanym Potokiem
6%
Nakielska
6%
Niecała
6%
Nowina
6%
Okopowa
6%
os. Bohaterów II Wojny Światowej
6%
os. ks. Jerzego Popiełuszki
6%
Ostrobramska
6%
Pokrzywno
6%
Porzeczkowa
6%
Raszyńska
6%
Ryszarda Berwińskiego
6%
Słubicka
6%
Średnia
6%
Stalowa
6%
Starogardzka
6%
Stokrotkowa
6%
św. Barbary
6%
św. Marii Magdaleny
6%
Swoboda
6%
św. Stanisława
6%
św. Szczepana
6%
Szarych Szeregów
6%
Tucholska
6%
Wieruszowska
6%
Wierzbowa
6%
Wiślana
6%
Witolda Gombrowicza
6%
Wójtowska
6%
Wołkowyska
6%
Wrzosowa
6%
Wyłom
6%
Zgorzelecka
6%
Ziemowita
6%
Żnińska
6%
Żywiecka
6%
Admiralska
5%
Armeńska
5%
Baranowska
5%
Bartoszycka
5%
Białogardzka
5%
Biłgorajska
5%
Bluszczowa
5%
Bobrzańska
5%
Bociania
5%
Borówki
5%
Borówkowa
5%
Brzoskwiniowa
5%
Burysława
5%
Buska
5%
Bzowa
5%
Chlebowa
5%
Chrzanowska
5%
Cisowa
5%
Czajcza
5%
Czekalskie
5%
Czempińska
5%
Darzyborska
5%
Dolina
5%
Drużynowa
5%
Dziadoszańska
5%
Działkowa
5%
Edwarda Taylora
5%
Emilii Sczanieckiej
5%
Franciszka Morawskiego
5%
Franciszka Stróżyńskiego
5%
Galileusza
5%
Giżycka
5%
Gołdapska
5%
Gryfińska
5%
Gustawa Potworowskiego
5%
Henryka Opieńskiego
5%
Hezjoda
5%
Homera
5%
Hugona Kołłątaja
5%
Hulewiczów
5%
Hutnicza
5%
Jana Długosza
5%
Janowska
5%
Jaskółcza
5%
Jesionowa
5%
Józefa Hallera
5%
Kalinowa
5%
Kanałowa
5%
Karkonoska
5%
Karpia
5%
Kartuska
5%
Kasztelańska
5%
Kazimierza Kantaka
5%
Klaudyny Potockiej
5%
Kluczborska
5%
Kopciuszka
5%
Koronkarska
5%
Kraśnicka
5%
Kupały
5%
Kurzanoga
5%
Łebska
5%
Łęczycka
5%
Łęgi Dębińskie
5%
Leska
5%
Leszka
5%
Lisia
5%
Miedziana
5%
Miętowa
5%
Mławska
5%
Modra
5%
Morelowa
5%
Nagietkowa
5%
Namysłowska
5%
Nieszawska
5%
Nowe Zagórze
5%
Nowosolska
5%
Obozowa
5%
Oleśnicka
5%
Olimpijska
5%
Orląt
5%
Ostródzka
5%
Ostrołęcka
5%
Owcza
5%
Ożarowska
5%
Ozimina
5%
park Adama Wodziczki
5%
park Górczyński
5%
park Jurija Gagarina
5%
park Kosynierów
5%
Piotrowska
5%
pl. Zbawiciela
5%
Pniewska
5%
Podleśna
5%
Podwale
5%
Poleska
5%
Pruszkowska
5%
Przelot
5%
Racjonalizatorów
5%
Racławicka
5%
Rakoniewicka
5%
Rembertowska
5%
Rocha Kowalskiego
5%
Rokietnicka
5%
Romana Maya
5%
Rudzka
5%
Sieroca
5%
Składowa
5%
Śnieżna
5%
Sowia
5%
Spławie
5%
Starachowicka
5%
Stefana Czarnieckiego
5%
Studzienna
5%
Świdnicka
5%
św. Jerzego
5%
Sycowska
5%
Szydłowska
5%
Taborowa
5%
Tczewska
5%
Teofila Mateckiego
5%
Tomaszowska
5%
Trzcianecka
5%
Tyska
5%
Wałecka
5%
Wejherowska
5%
Wiankowa
5%
Wiedeńska
5%
Wieluńska
5%
Wojciecha Korfantego
5%
Wszystkich Świętych
5%
Zacisze
5%
Zagórze
5%
Zambrowska
5%
Zaniemyska
5%
Zbożowa
5%
Zgoda
5%
Zofii Nałkowskiej
5%
Żonkilowa
5%
Żorska
5%
Adama Wrzoska
4%
Aleksandra Hercena
4%
Andrychowska
4%
Andrzeja i Władysława Niegolewskich
4%
Antoniego Andrzejewskiego
4%
Barska
4%
Beskidzka
4%
Boczna
4%
Bogusława
4%
Bosa
4%
Bóżnicza
4%
Bużańska
4%
Chabrowa
4%
Chłodna
4%
Czartoria
4%
Czeremchowa
4%
Darłowska
4%
Dęblińska
4%
Dezyderego Chłapowskiego
4%
Drawska
4%
Ewangelicka
4%
Franciszka Żwirki
4%
Garaszewo
4%
Gąsiorowskich
4%
Góralska
4%
Gorlicka
4%
Gothilfa Bergera
4%
Goździkowa
4%
Gronowa
4%
Gruzińska
4%
Haliny
4%
Harcerska
4%
Henryka Siemiradzkiego
4%
Ignacego Daszyńskiego
4%
Irysowa
4%
Jacka Malczewskiego
4%
Jana Umińskiego
4%
Jaśminowa
4%
Jaworowa
4%
Jęczmienna
4%
Józefa Dowbora-Muśnickiego
4%
Kącik
4%
Kamieńska
4%
Karmelicka
4%
Karola Buczka
4%
Kaszubska
4%
Kopanina
4%
Kornela Makuszyńskiego
4%
Koźmińska
4%
Kresowa
4%
Królewny Śnieżki
4%
Książęca
4%
Kudowska
4%
Lidzbarska
4%
Limanowska
4%
Ludgardy
4%
Ługańska
4%
Lwówecka
4%
Macieja Rataja
4%
Mączna
4%
Marcelego Mottego
4%
Marcina Chwiałkowskiego
4%
Masztalarska
4%
Michałowo
4%
Modrzewiowa
4%
Mołdawska
4%
Nadolnik
4%
Nad Potokiem
4%
Niezłomnych
4%
Obodrzycka
4%
Obronna
4%
Obrzyca
4%
Obrzycka
4%
Opatowska
4%
os. Powstań Narodowych
4%
Otwocka
4%
park ks. Józefa Jasińskiego
4%
park Władysława Czarneckiego
4%
pl. Kazimierza Nowakowskiego
4%
Podolska
4%
Powstańcza
4%
Poziomkowa
4%
Przesmyk
4%
Pułtuska
4%
Safony
4%
Sianowska
4%
Sierakowska
4%
Skalna
4%
Skryta
4%
Słonecznikowa
4%
Słowicza
4%
Ślusarska
4%
Solecka
4%
Sośnicka
4%
Spokojna
4%
Stanisława Nowakowskiego
4%
Stanisława Wigury
4%
Stefana Okrzei
4%
Stefana Stoińskiego
4%
Sulechowska
4%
św. Floriana
4%
Światopełka
4%
Świecka
4%
Sypniewo
4%
Tadeusza Rejtana
4%
Terespolska
4%
Truskawiecka
4%
Urszulanek
4%
Walerego Wróblewskiego
4%
Wandy
4%
Warowna
4%
Wieżowa
4%
Wincentego Kadłubka
4%
Winna
4%
Władysława Zamoyskiego
4%
Włościańska
4%
Wojciecha Bogusławskiego
4%
Wolińska
4%
Ząbkowicka
4%
Zabrzańska
4%
Żagańska
4%
Zbąszyńska
4%
Zdobywców Monte Cassino
4%
Żeglarska
4%
Złotnicka
4%
Zygmunta Noskowskiego
4%
Żywiczna
4%
5 Stycznia
3%
Andrzeja Kopy
3%
Babimojska
3%
Bednarska
3%
Białobrzeska
3%
Błotna
3%
Bogumiła
3%
Bolesława Leśmiana
3%
Bolesławy
3%
Borowa
3%
Bratkowa
3%
Brodnicka
3%
Bronisława Malinowskiego
3%
Budzyńska
3%
Bursztynowa
3%
Bystrzycka
3%
Chmielna
3%
Christiana Andersena
3%
Czernichowska
3%
Cześnikowska
3%
Daliowa
3%
Dożynkowa
3%
Działowa
3%
Edmunda Calliera
3%
Edmunda Taczanowskiego
3%
Emilii Plater
3%
Eugeniusza Kwiatkowskiego
3%
Floriana Stablewskiego
3%
Fromborska
3%
Głęboka
3%
Głuchowska
3%
Gołężycka
3%
Grabowska
3%
Gustawa Herlinga-Grudzińskiego
3%
Gwiaździsta
3%
Hawelańska
3%
Henryka Sucharskiego
3%
Herbowa
3%
Huby Moraskie
3%
Husarska
3%
inne Most Uniwersytecki
3%
Jana Heweliusza
3%
Jana Kassyusza
3%
Jana Keplera
3%
Janusza Korczaka
3%
Janusza Meissnera
3%
Józefa Burszty
3%
Józefa Łęgowskiego
3%
Józefa Łukaszewicza
3%
Juraszów
3%
Kamiennogórska
3%
Klenowska
3%
Kmicica
3%
Kotlarska
3%
Krapkowicka
3%
Krasnoludków
3%
Krokusowa
3%
Krynicka
3%
Krzysztofa Kamila Baczyńskiego
3%
Ku Cytadeli
3%
Kwidzyńska
3%
Laskowa
3%
Lawendowa
3%
Łazienna
3%
Lazurowa
3%
Lednicka
3%
Leopolda Okulickiego
3%
Leopolda Staffa
3%
Listopadowa
3%
Lwa Tołstoja
3%
Maciejkowa
3%
Majowa
3%
Mariacka
3%
Melchiora Wańkowicza
3%
Metalowa
3%
Meteorytowa
3%
Michałowska
3%
Międzyborska
3%
Międzyzdrojska
3%
Misia Uszatka
3%
Miśnieńska
3%
Morawska
3%
Morwowa
3%
Murna
3%
Myśliborska
3%
Niżańska
3%
Nizinna
3%
Notecka
3%
Nowogrodzka
3%
o. Honoriusza Kowalczyka
3%
Oliwkowa
3%
Olkuska
3%
Osinowa
3%
os. Lotnictwa Polskiego
3%
Pawia
3%
Pawła Edmunda Strzeleckiego
3%
Pińczowska
3%
Płomienna
3%
Podkomorska
3%
Podmiejska
3%
Polańska
3%
Poranek
3%
Przebiśniegowa
3%
Przy Dolinie
3%
Pszczelna
3%
Pszczyńska
3%
Raciborska
3%
Ratuszowa
3%
Rekreacyjna
3%
Romana Abrahama
3%
Romana Szymańskiego
3%
Saperska
3%
Ścinawska
3%
Sebastiana Klonowica
3%
Sielawy
3%
Siewna
3%
Skórzewska
3%
Smoleńska
3%
Sobiesława
3%
Sochaczewska
3%
Spacerowa
3%
Spichrzowa
3%
Stanisława Lema
3%
Stolarska
3%
Strzelińska
3%
Strzyżowska
3%
Świerzawska
3%
Świętogórska
3%
Świętojańska
3%
Świętosławska
3%
św. Jacka
3%
św. Trójcy
3%
Szczawnicka
3%
Szydłowiecka
3%
Tokarska
3%
Trybunalska
3%
Turniowa
3%
Twardogórska
3%
Tyniecka
3%
Ustrońska
3%
Uzdrowiskowa
3%
Węgorzewska
3%
Wenecjańska
3%
Widłakowa
3%
Wieczorynki
3%
Wiewiórcza
3%
Wilhelma Grimma
3%
Wołczyńska
3%
Wołowska
3%
Wschowska
3%
Żabia
3%
Zagajnikowa
3%
Zajęcza
3%
Zdrojowa
3%
Ziębicka
3%
Zmartwychwstańców
3%
Żmigrodzka
3%
Źródlana
3%
Adama Logi
2%
Ajschylosa
2%
Ametystowa
2%
Ananasowa
2%
Armii Ludowej
2%
Aroniowa
2%
Astrowa
2%
Augusta Cieszkowskiego
2%
Augusta Emila Fieldorfa
2%
Balonowa
2%
Baśniowa
2%
Bazyliowa
2%
Belwederska
2%
Białczańska
2%
Białośliwska
2%
Bielniki
2%
Bieszczady
2%
Bławatkowa
2%
Błażeja Winklera
2%
Bolkowicka
2%
Bronisława
2%
Ceglana
2%
Chmurna
2%
Ciechocińska
2%
Czapla
2%
Czaplinecka
2%
Czerska
2%
Człopska
2%
Czysta
2%
Dąbrówki
2%
Daszewicka
2%
Dunajecka
2%
Dworska
2%
Dzicza
2%
Dziedzicka
2%
Dziewińska
2%
Dziurawcowa
2%
Edwarda Raczyńskiego
2%
Elżbiety Drużbackiej
2%
Filipińska
2%
Frezjowa
2%
Gęsia
2%
Głazowa
2%
Gminna
2%
Gniewska
2%
Goleniowska
2%
Gospodarska
2%
Grajewska
2%
Granatowa
2%
Grójecka
2%
Gubińska
2%
Hajduczka
2%
Hangarowa
2%
Heleny Modrzejewskiej
2%
Heliodora Święcickiego
2%
Hoża
2%
Iłżańska
2%
Iwonicka
2%
Jana Onufrego Zagłoby
2%
Jaraczewska
2%
Jastrowska
2%
Jędrzejowska
2%
Jerzego Różyckiego
2%
Jeżynowa
2%
Joachima Lelewela
2%
Józefa Edwarda Grobelnego
2%
Józefa Przybylskiego
2%
Józefa Sowińskiego
2%
Juliana Ursyna Niemcewicza
2%
Juranda
2%
Jutrosińska
2%
Kazimiery Iłłakowiczówny
2%
Kazimierza Tymienieckiego
2%
Klemensa Janickiego
2%
Klimontowska
2%
Kłuszyńska
2%
Kokosowa
2%
Kolbuszowska
2%
Konarzewska
2%
Konfederacka
2%
Konwaliowa
2%
Kosowska
2%
Kruszwicka
2%
Ku Dębinie
2%
Kuźnicza
2%
Łabędzia
2%
Łanowa
2%
Leśnowolska
2%
Łobeska
2%
Longinusa Podbipięty
2%
Łopawska
2%
Łopianowa
2%
Łosiowa
2%
Lubartowska
2%
Lubczykowa
2%
Lubowska
2%
Lubuszańska
2%
Mandarynkowa
2%
Maratońska
2%
Margonińska
2%
Mariana Jaroczyńskiego
2%
Mariana Rejewskiego
2%
Maszynowa
2%
Michaiła Bułhakowa
2%
Michała Barzyńskiego
2%
Michała Kajki
2%
Michała Wołodyjowskiego
2%
Międzyleska
2%
Mieszkowska
2%
Mikołowska
2%
Miłosławska
2%
Modlińska
2%
Modrakowa
2%
Myśliwska
2%
Nad Jeziorem
2%
Nad Seganką
2%
Nadwarciańska
2%
Nałęczowska
2%
Na Miasteczku
2%
Nasienna
2%
Niepołomicka
2%
Olchowa
2%
Olszynka
2%
Opoczyńska
2%
os. Hetmańskie
2%
Osiecka
2%
os. Słowiańskie
2%
Ostrówek
2%
Pałucka
2%
park Gustawa Manitiusa
2%
park Jarogniewa i Izabeli Drwęskich
2%
Pawła Włodkowica
2%
Perzycka
2%
Pionierska
2%
Piwoniowa
2%
pl. Lipowy
2%
pl. Ludwika Waryńskiego
2%
Podhalańska
2%
Połczyńska
2%
Poplińskich
2%
Powidzka
2%
Promyk
2%
Przełęcz
2%
Psarskie
2%
Rabczańska
2%
Radlińska
2%
Rdestowa
2%
Rodawska
2%
Rogozińska
2%
Romana Brandstaettera
2%
Romana Drewsa
2%
Rubinowa
2%
Rydzowa
2%
Rymanowska
2%
Rynarzewska
2%
Rypińska
2%
Rzepińska
2%
Samotna
2%
Santocka
2%
Sarbinowska
2%
Sępoleńska
2%
Skromna
2%
Śliska
2%
Śmigielska
2%
Spadzista
2%
Stanisława Broniewskiego
2%
Stanisława Strugarka
2%
Starowiejska
2%
Staszowska
2%
Stefana Grota-Roweckiego
2%
Stefana Różyckiego
2%
Storczykowa
2%
Strzałkowska
2%
Strzegomska
2%
Sulmierzycka
2%
Syrenia
2%
Szczęsna
2%
Szlachecka
2%
Szmaragdowa
2%
Szpaków
2%
Szubińska
2%
Tarczowa
2%
Tomasza Drobnika
2%
Trębacka
2%
Trzebiatowska
2%
Trzemeszeńska
2%
Tymiankowa
2%
Uradzka
2%
Urszuli Ledóchowskiej
2%
Ustrzycka
2%
Wiązowa
2%
Widna
2%
Widok
2%
Wiece
2%
Wiesławy
2%
Wilanowska
2%
Wilków Morskich
2%
Witkowska
2%
Włodzimierza Majakowskiego
2%
Wykopy
2%
Wyzwolenia
2%
Zagonowa
2%
Zakątek
2%
Zakręt
2%
Załęże
2%
Zamknięta
2%
Żerkowska
2%
Ziarnista
2%
Zjazd
2%
Żmudzka
2%
Zodiakowa
2%
Żurawinowa
2%
Żuromińska
2%
Żwirowa
2%
Adama Biedrzyckiego
1%
Aleksandra Gabszewicza
1%
al. ks. Mieczysława Radziejewskiego
1%
Alzacka
1%
Anieli Tułodzieckiej
1%
Anyżowa
1%
Aragońska
1%
Architektów
1%
Arystofanesa
1%
Babicka
1%
Barczewska
1%
Batalionów Chłopskich
1%
Berylowa
1%
Biebrzańska
1%
Biecka
1%
Bitwy pod Siekierkami
1%
Bitwy pod Studziankami
1%
Biwakowa
1%
Blacharska
1%
Bnińska
1%
Bobolicka
1%
Bogusza
1%
Bojerowa
1%
Borowikowa
1%
Borsucza
1%
Bożymira
1%
Bratumiły
1%
Budzisława
1%
Burgundzka
1%
Cedzyńska
1%
Chęcińska
1%
Chomęcicka
1%
Chryzantemowa
1%
Cienista
1%
Czeladzka
1%
Czwartaków
1%
Dalemińska
1%
Dobiegniewska
1%
Drobna
1%
droga Zaułek Krystyny Feldman
1%
Drogowców
1%
Duszna
1%
Dusznicka
1%
Dwatory
1%
Dworkowa
1%
Dzięgielowa
1%
Dziewanny
1%
Dziwnowska
1%
Edwarda Dembowskiego
1%
Eurypidesa
1%
Filarecka
1%
Forsycjowa
1%
Franciszka Adamanisa
1%
Franciszka Altera
1%
Franciszka Firlika
1%
Franciszka Włada
1%
Gardowska
1%
Gertrudy Konatkowskiej
1%
Gieorgija Dobrowolskiego
1%
Glebowa
1%
Głogowa
1%
Gołuchowska
1%
Goplańska
1%
Gromadzka
1%
Halszki
1%
Heleny Kurcewiczówny
1%
Hiacyntowa
1%
Hodowlana
1%
Horacego
1%
Ignacego Domeyki
1%
Ignacego Kaczmarka
1%
Iłowska
1%
Jałowcowa
1%
Jana Czekanowskiego
1%
Jana Gorczyczewskiego
1%
Jana Karskiego
1%
Jana Lubrańskiego
1%
Jana Skrzetuskiego
1%
Jana Twardowskiego
1%
Jana Żupańskiego
1%
Janiny Omańkowskiej
1%
Jarogniewa Drwęskiego
1%
Jaskiniowa
1%
Jemiołowa
1%
Jerzego Bajana
1%
Jeziorańska
1%
Józefa Garczyńskiego
1%
Józefa Kościelskiego
1%
Józefa Kostrzewskiego
1%
Józefa Rogalińskiego
1%
Junacka
1%
Juracka
1%
Jutrzenka
1%
Juwenalisa
1%
Kaliowa
1%
Kanclerska
1%
Kazimierza Ajdukiewicza
1%
Kazimierza Mielęckiego
1%
Kcyńska
1%
Kępa
1%
Kłońska
1%
Konarowa
1%
Kondratija Rylejewa
1%
Konopna
1%
Konstantego Ildefonsa Gałczyńskiego
1%
Koralowa
1%
Kościerzyńska
1%
Kosynierska
1%
Kowalewicka
1%
Kozienicka
1%
Krajenecka
1%
Kryształowa
1%
Ksawerego Zakrzewskiego
1%
ks. Stanisława Brzóski
1%
Kukułcza
1%
Lądecka
1%
Łady
1%
Łagodna
1%
Łagowska
1%
Leżajska
1%
Lidzka
1%
Limbowa
1%
Lotaryńska
1%
Lubieńska
1%
Łubinowa
1%
Łucznicza
1%
Łupowska
1%
Łysogórska
1%
Madziarska
1%
Magnacka
1%
Magnoliowa
1%
Małoszyńska
1%
Mariana Langiewicza
1%
Marii Pawlikowskiej-Jasnorzewskiej
1%
Marii Rodziewiczówny
1%
Marii Wicherkiewicz
1%
Marynarska
1%
Mgielna
1%
Miastkowska
1%
Michała Ossowskiego
1%
Miechowska
1%
Mieczysława Palucha
1%
Mieleszyńska
1%
Migdałowa
1%
Mikstacka
1%
Mroźna
1%
Muszyńska
1%
Nad Bogdanką
1%
Nad Starynką
1%
Napoleońska
1%
Narcyzowa
1%
Narewska
1%
Na Stoku
1%
Nasturcjowa
1%
Normandzka
1%
Obrońców Tobruku
1%
Obrzeże
1%
Ochota
1%
Odolanowska
1%
Ojcowska
1%
Okólna
1%
Olecka
1%
Oleńki Billewiczówny
1%
Oliwska
1%
Opalowa
1%
Orna
1%
os. Lotników Wielkopolskich
1%
Otwarta
1%
Owczarska
1%
Owidiusza
1%
Pana Kleksa
1%
Pana Twardowskiego
1%
Partyzancka
1%
Pasterska
1%
Patrice Lumumby
1%
Pelplińska
1%
Petera Mansfelda
1%
Pilicka
1%
Piołunowa
1%
Piotra Tomickiego
1%
Platanowa
1%
Plauta
1%
Plebańska
1%
Plonowa
1%
pl. Orawski
1%
Płowiecka
1%
pl. Spiski
1%
pl. Światowida
1%
Pobielska
1%
Pochyła
1%
Podbiałowa
1%
Podchorążych
1%
Podgórze
1%
Podjazdowa
1%
Polanowska
1%
Poli Gojawiczyńskiej
1%
Poligonowa
1%
Poniecka
1%
Popiela
1%
Poprzeczna
1%
Poronińska
1%
Poświata
1%
Przepiórcza
1%
Radziejowska
1%
Raszkowska
1%
Retmańska
1%
Rewalska
1%
Rogowska
1%
Rojna
1%
Ropczycka
1%
Roślinna
1%
Równa
1%
Rozewska
1%
Rozmarynowa
1%
Rysia
1%
Samuela Lindego
1%
Sasankowa
1%
Sędziwoja
1%
Senatorska
1%
Seneki
1%
Serdeczna
1%
Siedmiogrodzka
1%
Siewierska
1%
Silniki
1%
Skarszewska
1%
Skoczowska
1%
skwer Zielone Ogródki im. Zbigniewa Zakrzewskiego
1%
Skwierzyńska
1%
Ślesińska
1%
Ślężańska
1%
Słomiana
1%
Smoka Wawelskiego
1%
Sobotecka
1%
Sofoklesa
1%
Sołtysia
1%
Śpiewaków
1%
Stanisława Hejmowskiego
1%
Stanisława Karwowskiego
1%
Stanisława Konarskiego
1%
Stanisława Kunickiego
1%
Stanisława Małachowskiego
1%
Stanisława Szczepanowskiego
1%
Stanisława Wachowiaka
1%
Stanisława Wiechowicza
1%
Stara Cegielnia
1%
Startowa
1%
Stefana Jaracza
1%
Stefanii Sempołowskiej
1%
Strzecha
1%
Swarożyca
1%
Świeradowska
1%
Świetlana
1%
św. Kingi
1%
Swojska
1%
św. Wincentego
1%
Sycylijska
1%
Synów Pułku
1%
Sytkowska
1%
Szamocińska
1%
Szarotkowa
1%
Szczytnicka
1%
Szklarniowa
1%
Szreniawska
1%
Tadeusza Mikke
1%
Teokryta
1%
Ternicka
1%
Tomasza Zana
1%
Topazowa
1%
Toskańska
1%
Trzebińska
1%
Turystyczna
1%
Tyrwacka
1%
Ugory
1%
Urocza
1%
Ustronna
1%
Wacława Gieburowskiego
1%
Wawerska
1%
Wawrzyńca Engeströma
1%
Wenedów
1%
Wergiliusza
1%
Wiktora Degi
1%
Wilkońskich
1%
Willowa
1%
Winogronowa
1%
Wirska
1%
Wiślicka
1%
Władysława Kotwicza
1%
Władysława Nehringa
1%
Wojciecha Cybulskiego
1%
Wolbromska
1%
Wonna
1%
Woźnicka
1%
Wyrzyska
1%
Wzlotowa
1%
Zagrodnicza
1%
Zaklikowska
1%
Żarnowiecka
1%
Zbigniewa Herberta
1%
Żbikowa
1%
Zbyszka
1%
Złocieniecka
1%
Zorza
1%
Żukowska
1%
Zwoleńska
1%
Zwrotnicza
1%
Zygmunta Kubiaka
1%
Żyzna
1%
Adama Grześkiewicza
0%
Adama Haber-Włyńskiego
0%
Adama Skałkowskiego
0%
Adama Tomaszewskiego
0%
Adolfa Bnińskiego
0%
Agatowa
0%
al. Cytadelowców
0%
Aleksandry Karpińskiej
0%
al. Jana Piwnika
0%
al. Republik
0%
Altanowa
0%
Andaluzyjska
0%
Andrzeja Łaskarza
0%
Anny Danysz
0%
Antona Czechowa
0%
Antoniego Gołubiewa
0%
Antoniego Kocjana
0%
Arkadego Fiedlera
0%
Arkońska
0%
Artura Marii Swinarskiego
0%
Artura Oppmana
0%
Barcińska
0%
Barlinecka
0%
Bartnicza
0%
Barwicka
0%
Bastionowa
0%
Będlewska
0%
Begoniowa
0%
Benedykta Dybowskiego
0%
Berestecka
0%
Białoborska
0%
Bibianny Moraczewskiej
0%
Błońska
0%
Bobrownicka
0%
Boczowska
0%
Bodawska
0%
Bohdana Arcta
0%
Bohdana Winiarskiego
0%
Bolesława Czerwińskiego
0%
Bolesława Kontryma
0%
Borecka
0%
Boruty
0%
Bosmańska
0%
Bożywoja
0%
Braniborska
0%
Brasławska
0%
Bronowa
0%
Bruzdowa
0%
Brzeźnicka
0%
Byczyńska
0%
Bylicowa
0%
Cedrowa
0%
Celichowskich
0%
Ceramiczna
0%
Cetniewska
0%
Charzykowska
0%
Chochołowska
0%
Chociebora
0%
Chocimska
0%
Chotomińska
0%
Chrobacka
0%
Chyżańska
0%
Cieplicka
0%
Cieszymira
0%
Ćmielowska
0%
Cybińska
0%
Cyniowa
0%
Cyprysowa
0%
Czarnohorska
0%
Czechowska
0%
Czerniejewska
0%
Czesława Gerwela
0%
Czesława Tańskiego
0%
Czorsztyńska
0%
Daktylowa
0%
Danuty
0%
Darniowa
0%
Darzyńska
0%
Dedala
0%
Dereniowa
0%
Dniestrzańska
0%
Do Alei
0%
Dobrepole
0%
Dobrochny
0%
Dobrodzieńska
0%
Dobromiejska
0%
Dobromiły
0%
Dobrowita
0%
Doleńska
0%
Dolne Chyby
0%
Dolska
0%
Drewlańska
0%
Drogocin
0%
Drwali
0%
Dukielska
0%
Działoszycka
0%
Dzieci Wrzesińskich
0%
Dziekańska
0%
Edmunda Knolla-Kownackiego
0%
Eugeniusza Paukszty
0%
Eugeniusza Piaseckiego
0%
Ewy Szelburg-Zarębiny
0%
Ezopa
0%
Faszynowa
0%
Fedrusa
0%
Figowa
0%
Floksowa
0%
Floriana Marciniaka
0%
Floriana Znanieckiego
0%
Franciszka Hynka
0%
Franciszka Kleeberga
0%
Franciszka Ksawerego Lubeckiego
0%
Franciszka Rylla
0%
Franciszka Witaszka
0%
Fregatowa
0%
Fryderyka Skarbka
0%
Gabrieli Zapolskiej
0%
Galeonowa
0%
Gąsawska
0%
gen. Zygmunta Berlinga
0%
Geodetów
0%
Gladiolowa
0%
Gładka
0%
Gliniana
0%
Glinianki
0%
Glinienko
0%
Glinno
0%
Głowicka
0%
Główieniec
0%
Gniewka
0%
Goleszowska
0%
Gorajska
0%
Gorczycowa
0%
Gorzyńska
0%
Gorzysława
0%
Gościnna
0%
Grąbczowska
0%
Graniowa
0%
Granowska
0%
Grodnicka
0%
Gronostajowa
0%
Gruntowa
0%
Guliwera
0%
Gustawa Macewicza
0%
Halna
0%
Hanny Januszewskiej
0%
Hanny Malewskiej
0%
Heleny Rzepeckiej
0%
Heleny Szafran
0%
Henryka Arctowskiego
0%
Henryka Kowalówki
0%
Henryka Łowmiańskiego
0%
Henryka Śniegockiego
0%
Henryka Ułaszyna
0%
Henryka Zygalskiego
0%
Hubalczyków
0%
Ignacego Dobrogojskiego
0%
Ignacego Zielewicza
0%
Ikara
0%
inne Miejski Ogród Zoologiczny
0%
inne Most Dębiński
0%
inne Most Lucjana Ballenstedta
0%
Inspektowa
0%
Ireneusza Wierzejewskiego
0%
Iwana Bunina
0%
Iwana Kryłowa
0%
Iwana Turgieniewa
0%
Izbicka
0%
Jabłonkowska
0%
Jachtowa
0%
Jadwigi Łuszczewskiej
0%
Jana Grochmalickiego
0%
Jana Izydora Sztaudyngera
0%
Jana Ludygi-Laskowskiego
0%
Jana Maklakiewicza
0%
Jana Nagórskiego
0%
Jana Parandowskiego
0%
Jana Piekałkiewicza
0%
Jana Pietrusińskiego
0%
Jana Rakowicza
0%
Jana Rodowicza
0%
Jana Rymarkiewicza
0%
Jana Sokołowskiego
0%
Jana Wojkiewicza
0%
Janiny i Jana Żniniewiczów
0%
Janiny Porazińskiej
0%
Janisławy
0%
Janosika
0%
Janowo
0%
Janusza Szpotańskiego
0%
Jaromińska
0%
Jaromira
0%
Jarosława Iwaszkiewicza
0%
Jarosława Maciejewskiego
0%
Jarowa
0%
Jarzębowa
0%
Jasne Błonie
0%
Jaspisowa
0%
Jastarnicka
0%
Jelitkowska
0%
Jerzego Jurandota
0%
Józefa Janiszewskiego
0%
Józefa Paczoskiego
0%
Józefa Paszty
0%
Józefa Wrońskiego
0%
Józefa Żymierskiego
0%
Józwy Butryma
0%
Juliana Leńskiego
0%
Julii i Antoniego Wojkowskich
0%
Juliusza Osterwy
0%
Kaczeńcowa
0%
Kadecka
0%
Kajakowa
0%
Kamienicka
0%
Kąpielowa
0%
Kapitańska
0%
Karawelowa
0%
Karbowska
0%
Kargowska
0%
Karlińska
0%
Karola Bunscha
0%
Karola Irzykowskiego
0%
Karpicka
0%
Karsińska
0%
Karwieńska
0%
Kastylijska
0%
Katalońska
0%
Kazimierza Brandysa
0%
Kazimierza Brossa
0%
Kazimierza Nieżychowskiego
0%
Kazimierza Pużaka
0%
Kazimierza Szałasa
0%
Ketlinga
0%
Kiemliczów
0%
Kircholmska
0%
Kłecka
0%
Klementyny Hoffmanowej
0%
Kłosowa
0%
Kminkowa
0%
Knyszyn
0%
Kobylińska
0%
Kocankowa
0%
Kociewska
0%
Kołodzieja
0%
Komandorska
0%
Konstantego Hrynakowskiego
0%
Konstantego Troczyńskiego
0%
Kopcowa
0%
Koprowa
0%
Koprzywnicka
0%
Kopylnik
0%
Korbielowska
0%
Korczyńska
0%
Koronowska
0%
Korwetowa
0%
Kosiarzy
0%
Kotlińska
0%
Kowarska
0%
Kożuchowska
0%
Krobska
0%
Krośniewicka
0%
Krwawnikowa
0%
Krywiczańska
0%
Krzepicka
0%
Krzeszowicka
0%
Krzysztofa Żegockiego
0%
Krzywińska
0%
Ksawerego Dunikowskiego
0%
ks. Edwarda Nawrota
0%
ks. Ignacego Posadzego
0%
Kurpiowska
0%
Kwiryny
0%
Łabiszyńska
0%
Lachowicka
0%
Łagiewnicka
0%
Latawcowa
0%
Laudańska
0%
Laurowa
0%
Lebiodowa
0%
Lemierzycka
0%
Leona Prauzińskiego
0%
Leona Przyłuskiego
0%
Leśników
0%
Leszka Proroka
0%
Letniskowa
0%
Lewkoniowa
0%
Lipnicka
0%
Lisa Witalisa
0%
Łobżenicka
0%
Łomnicka
0%
Lotosowa
0%
Lubiatowska
0%
Lubniewicka
0%
Lubomierska
0%
Lubosińska
0%
Lucjana Ballenstedta
0%
Lucjana Szenwalda
0%
Łuczanowska
0%
Łuczkowska
0%
Ludmiły
0%
Ludosławy
0%
Ludwika Braille'a
0%
Ludwika Idzikowskiego
0%
Ludwika Krzywickiego
0%
Ludwika Solskiego
0%
Lukrecjusza
0%
Macierzankowa
0%
Majerankowa
0%
Makoszowska
0%
Makowej Panienki
0%
Maksymiliana Garsteckiego
0%
Malechowska
0%
Marcina Rożka
0%
Margaretkowa
0%
Mariampolska
0%
Marii Bohuszewiczówny
0%
Marii i Celestyna Rydlewskich
0%
Marii Kuncewiczowej
0%
Marklowicka
0%
Marzanny
0%
Maszewska
0%
Masztowa
0%
Meliorantów
0%
Melisowa
0%
Michaiła Lermontowa
0%
Michała Bałuckiego
0%
Michała Tokarzewskiego
0%
Miecznikowska
0%
Mieczykowa
0%
Mieczysława Jastruna
0%
Mieczysława Rawicz-Mysłowskiego
0%
Mikołaja Dobrzyckiego
0%
Mikołaja Rudnickiego
0%
Mikołajecka
0%
Miłowita
0%
Mirosławiecka
0%
Mirtowa
0%
Mleczowa
0%
Morenowa
0%
Morszyńska
0%
Moryńska
0%
Morzyczańska
0%
Mrowińska
0%
Mrzeżyńska
0%
Mścibora
0%
Muszkowska
0%
Nadbrzeże
0%
Nad Krzesinką
0%
Nad Łężynką
0%
Nad Miedzą
0%
Na Dołku
0%
Nad Pokrzywką
0%
Nad Spławką
0%
Na Podgórniku
0%
Narcyzy Żmichowskiej
0%
Na Skarpie
0%
Na Szańcach
0%
Na Uboczu
0%
Nawigacyjna
0%
Nefrytowa
0%
Nidziańska
0%
Niemeńska
0%
Nikodema Pajzderskiego
0%
Nikołaja Gogola
0%
Nowokramska
0%
Nuny i Bolesława Szczurkiewiczów
0%
Obrzańska
0%
Odległa
0%
Odrzycka
0%
Okolewo
0%
Okonecka
0%
Okrętowa
0%
Olżańska
0%
Onufrego Kopczyńskiego
0%
Opawska
0%
Opłotki
0%
Orężna
0%
Ornecka
0%
Orszańska
0%
Oskara Kolberga
0%
Oskierki
0%
os. Na Murawie
0%
Ownicka
0%
Paczkowska
0%
park Kultury i Wypoczynku
0%
park Wielkopolski Park Zoologiczny
0%
Pasłęcka
0%
Pawła Cymsa
0%
Pawła Zołotowa
0%
Pawłowicka
0%
Perkuna
0%
Perłowska
0%
Piargowa
0%
Piotra Wysockiego
0%
pl. Międzymoście
0%
pl. Przemysława Bystrzyckiego
0%
pl. Reformatorów
0%
pl. Stawny
0%
Podbórska
0%
Podgajska
0%
Podjaryszki
0%
Podmokła
0%
Podstolińska
0%
Pogorzelska
0%
Połaniecka
0%
Popradzka
0%
Poręba
0%
Postawska
0%
Powojowa
0%
Pozdawnicka
0%
Poznańskie Sady
0%
Prabucka
0%
Prądnicka
0%
Prośnicka
0%
Prowansalska
0%
Prusimska
0%
Prużańska
0%
Prząśniczki
0%
Przasnyska
0%
Przedborska
0%
Przedpole
0%
Przełom
0%
Przeskok
0%
Prześwit
0%
Przybrodzka
0%
Przygraniczna
0%
Przyjemna
0%
Przylaszczkowa
0%
Przystań
0%
Przytoczna
0%
Pskowska
0%
Ptaszkowska
0%
Pyrzyczańska
0%
Radłowa
0%
Radowita
0%
Radyńska
0%
Radziwoja
0%
Rakietowa
0%
Ranowska
0%
Reczeńska
0%
Regatowa
0%
Reglowa
0%
Reknicka
0%
Rezedowa
0%
Rodzynkowa
0%
Rogera Sławskiego
0%
Rokity
0%
Romana Kozaka
0%
Romana Pollaka
0%
Romana Wilkanowicza
0%
Rosnowska
0%
Roztocka
0%
Rozwadowska
0%
Różyczkowa
0%
Ruczajowa
0%
Rudnicze
0%
Rugijska
0%
Rumcajsa
0%
Rybojadzka
0%
Rydzyńska
0%
Rzeczańska
0%
Rzewieniowa
0%
Sabiny
0%
Sadnicka
0%
Salicka
0%
Sanatoryjna
0%
Sąsiedzka
0%
Selizarowska
0%
Sępia
0%
Sierpowa
0%
Sióstr Misjonarek
0%
Skawińska
0%
Skibowa
0%
Skośna
0%
Skotarska
0%
Skrajna
0%
Skrzydlata
0%
Skrzypowa
0%
skwer Bogdana Jańskiego
0%
skwer Rabina Akivy Egera
0%
Sławińska
0%
Sławomira
0%
Ślazowa
0%
Słodyńska
0%
Słonimska
0%
Smardzewska
0%
Śmiała
0%
Śmiełowska
0%
Smołdzinowska
0%
Snopowa
0%
Sobolowa
0%
Soroki
0%
Sowice
0%
Spadochronowa
0%
Stanisława Czernika
0%
Stanisława Dygata
0%
Stanisława Grochowiaka
0%
Stanisława Grzmota-Skotnickiego
0%
Stanisława Jachowicza
0%
Stanisława Jakiela
0%
Stanisława Knapowskiego
0%
Stanisława Królickiego
0%
Stanisława Latwisa
0%
Stanisława Niedbalskiego
0%
Stanisława Pawłowskiego
0%
Stanisława Rostworowskiego
0%
Stanisława Rungego
0%
Stanisława Skarżyńskiego
0%
Stanisława Worcella
0%
Starkowska
0%
Stefana Balickiego
0%
Stefana Kisielewskiego
0%
Stefana Szolca-Rogozińskiego
0%
Stefana Vrtela-Wierczyńskiego
0%
Sterowa
0%
Stewnicka
0%
Stobnicka
0%
Stobrawska
0%
Straży Ludowej
0%
Strykowska
0%
Suliszewska
0%
Sułkowicka
0%
Sułowska
0%
Swantibora
0%
Świątniczki
0%
Święciańska
0%
Świętochny
0%
Świętowidzka
0%
Szadecka
0%
Szafirowa
0%
Szaflarska
0%
Szałwiowa
0%
Szantowa
0%
Szczawiowa
0%
Szczęsnego Dettloffa
0%
Szeherezady
0%
Szkunerowa
0%
Szkutnicza
0%
Szopienicka
0%
Szronowa
0%
Sztormowa
0%
Szybowcowa
0%
Tadeusza Boya-Żeleńskiego
0%
Tadeusza Kotarbińskiego
0%
Tadeusza Rugego
0%
Tadeusza Vetulaniego
0%
Tanewska
0%
Tarninowa
0%
Tatarakowa
0%
Templińska
0%
Teodora Parnickiego
0%
Teodora Tyca
0%
Torfowa
0%
Toropiecka
0%
Treblińska
0%
Trzebawska
0%
Tyczyńska
0%
Tylicka
0%
Unisława
0%
Uprawna
0%
Urodzajna
0%
Urwista
0%
Uświacka
0%
Uznamska
0%
Wacława Rzewuskiego
0%
Wacława Strażewicza
0%
Walentego Stefańskiego
0%
Warecka
0%
Warpińska
0%
Warpnowska
0%
Wczasowa
0%
Widawska
0%
Wielichowska
0%
Wielkołucka
0%
Wieprawska
0%
Wierchowa
0%
Wiesiołkowa
0%
Wietrzykowskich
0%
Więzowska
0%
Wiklinowa
0%
Wiktora Gosienieckiego
0%
Wiktora Pacajewa
0%
Wincentego Jezierskiego
0%
Wincentego Pstrowskiego
0%
Wincentego Rapackiego
0%
Wincentego Styczyńskiego
0%
Wisłocka
0%
Witebska
0%
Witnicka
0%
Witosława
0%
Wituchowska
0%
Władymira
0%
Władysława Bełzy
0%
Władysława Biegańskiego
0%
Władysława Bortnowskiego
0%
Władysława Kozłowskiego
0%
Władysława Orkana
0%
Władysława Pniewskiego
0%
Władysława Syrokomli
0%
Władysława Wołkowa
0%
Włoszakowicka
0%
Wojciecha Bąka
0%
Wojciecha Trąmpczyńskiego
0%
Wojnowicka
0%
Wronczyńska
0%
Wrotyczowa
0%
Wybieg
0%
Wygon
0%
Wyszeborska
0%
Wyszomierska
0%
Wyżyny
0%
Zaborowska
0%
Za Cybiną
0%
Żaglowa
0%
Zagórzycka
0%
Zakrzewska
0%
Zamiejska
0%
Zamysłowska
0%
Zawiertowska
0%
Zawilcowa
0%
Zbigniewa Burzyńskiego
0%
Zbigniewa Kiedacza
0%
Zbyłowita
0%
Zdunowska
0%
Zdziechowska
0%
Zdzisławy
0%
Żegiestowska
0%
Zemborzycka
0%
Zenona Kosidowskiego
0%
Zieleńska
0%
Żlebowa
0%
Złotej Kaczki
0%
Zofii Sokolnickiej
0%
Żołnierzy Lenino
0%
Żołnierzy Narwiku
0%
Żuławska
0%
Związku Walki Zbrojnej
0%
Zygmunta Lisowskiego
0%
Zygmunta Szweykowskiego
0%
Zygmunta Zaleskiego
0%
Żywocicka
0%
Żywokostowa
0%
Nie znaleziono quizów pasujących do podanych kryteriów
Rozkład punktacji
Procent ludzi z każdym wynikiem
Percentyl według liczby udzielonych odpowiedzi
Twoja historia wyników
Nie rozwiązałeś tego quizu